00576nam a2200169Ia 4500008004100000100002500041245013300066245005300199260000900252260000900261300003300270440003100303650001500334650002300349650001900372650001500391190422s9999 xx 000 0 und d aStefanone, Michael A 2aA social cognitive approach to traditional media content and social media use: Selfie-related behavior as competitive strategy / cMichael A Stefanone, Zhiying Yue and Zena Toh.-- bSage c2019 apages 317-335, February 2019 aNew Media & Societyv21(2) aMass Media aReality Telivision aSelf Cognitive aSelf Worth